Zavedenie metódy FMEA v spoločnosti Vacuumschmelze s.r.o.

Guardado en:
Detalles Bibliográficos
Autor principal: Vlkovičová, Martina (Autor)
Otros Autores: Pauliková, Alena (Orientador)
Formato: Manuscrito Libro
Lenguaje:eslovaco
Publicado: 2016
Materias:
Acceso en línea:http://is.stuba.sk/zp/portal_zp.pl?podrobnosti=119071
Etiquetas: Agregar Etiqueta
Sin Etiquetas, Sea el primero en etiquetar este registro!

MARC

LEADER 00000ntm a22000003a 4500
001 stuzp57885
003 SK-STU
005 20160719155408.1
007 ta
008 150427s2015----xo-----f-mn---000-0-slo-d
040 |a STU  |b slo 
041 0 |a slo 
100 1 |a Vlkovičová, Martina  |u 064000  |k Z4  |4 aut  |U MTF Materiálovotechnologická fakulta  |T MTF Ústav priemyselného inžinierstva a manažmentu  |X 45858  |U M4000  |Y 84  |7 A000045858 
242 0 1 |a Zavedenie metódy FMEA v spoločnosti Vacuumschmelze s.r.o.  |y eng 
245 1 0 |a Zavedenie metódy FMEA v spoločnosti Vacuumschmelze s.r.o. 
260 |c 2016 
650 4 |a metóda FMEA  |2 slo 
650 4 |a výrobný proces  |2 slo 
650 4 |a nápravné opatrenia  |2 slo 
650 4 |a FMEA method  |2 eng 
650 4 |a corrective measures  |2 eng 
650 4 |a manufacturing process  |2 eng 
700 1 |a Pauliková, Alena  |u 064000  |k Z1  |4 ths  |U MTF Materiálovotechnologická fakulta  |T MTF Ústav priemyselného inžinierstva a manažmentu  |X 77968  |U M4000  |Y 84  |7 77968 
856 4 |u http://is.stuba.sk/zp/portal_zp.pl?podrobnosti=119071 
996 |c M* DP-12923  |l MMSKP  |s P  |a 0  |w stuzp57885_0001 
SQL |a stuzp57885  |b DDP  |c SLO  |d Zavedenie metódy FMEA v spoločnosti Vacuumschmelze s.r.o.  |e 45858  |f Vlkovičová, Martina  |g 064000  |h 77968  |i Pauliková, Alena  |j 20160608  |k 183  |l 06  |m http://is.stuba.sk/zp/portal_zp.pl?podrobnosti=119071  |n I-IKP  |o 5.2.57. kvalita produkcie